Incidencia del estatuto básico del empleado público en el acceso al empleo del personal de los servicios de salud

I tiakina i:
Ngā taipitopito rārangi puna kōrero
Kaituhi matua: Pérez Gálvez, Juan Francisco (Author)
Hōputu: Pukapuka
Reo:Pāniora
I whakaputaina: Madrid Instituto Nacional de Administración Pública 2011
Rangatū:Colección Monografías
Ngā marau:
Ngā Tūtohu: Tāpirihia he Tūtohu
Kāore He Tūtohu, Me noho koe te mea tuatahi ki te tūtohu i tēnei pūkete!

MARC

LEADER 00000cam a2200000 a 4500
001 UCG9384
003 CL-VaPUC
008 120309e20110000SP |||||||||||||||||spa|d
020 |a 9788473514132 
082 0 4 |a 344.946  |b PER  |2 21 
100 0 |a Pérez Gálvez, Juan Francisco  |e author  |9 560925 
245 1 0 |a Incidencia del estatuto básico del empleado público en el acceso al empleo del personal de los servicios de salud 
300 |a 330 p 
942 |c BK 
945 |d 20120309 00:00:00  |a dcastane 
260 |a Madrid  |b Instituto Nacional de Administración Pública  |c 2011 
650 0 |a Salud pública  |9 258913 
650 7 |a LEGISLACION  |2 CL-VaPUC  |9 560926 
650 0 |a Código sanitario  |9 387494 
651 0 |a España  |9 254926 
583 |a last modification  |c 20120309 14:21:00  |k Rodrigo Vera 
490 0 |a Colección Monografías 
999 |c 346941  |d 346939 
952 |0 0  |1 0  |4 0  |6 344_946000000000000_PER_2011  |7 0  |8 A  |9 447898  |a BIBDER  |b BIBDER  |d 2019-11-22  |i 4844394  |o 344.946 PER 2011  |p 4844394  |r 2023-01-25  |w 2019-11-22  |y BK  |k DER